000
00331pab a2200133 454500
008
180718b xxu||||| |||| 00| 0 eng d
100
_a
Seagrave Jayne
245
_a
The unique bureaucracy
362
_a
67(2), Apr-Jun 1994, p.125-32
650
_a
Police
650
_a
Community Policing
773
_a
Police Journal
909
_a
26654
999
_c
26654
_d
26654